01766nas a2200241Ia 4500001001100000003001000011008004100021040002500062041001300087100002400100210001300124222001300137245005400150250001100204260009000215300001100305310001700316362003500333500051200368501011400880520051200994650001801506R262-R4921IT-CnALBA170116c99999999xx |||||||||||| ||und|| aIT-CnALBAcIT-CnALBA aITALIANO aANDREATTA BENIAMINO aIL REGNO aIL REGNO 0aIL REGNO. ATTUALITÀ E DOCUMENTI. 15 MARZO 1994  a1a ed. a BOLOGNA - NAPOLIbDEHONIANE EDIZIONI c1994 [1° Ed.:1994 - Ed.Ling.Originale: 1994] a64 p.  aQUINDICINALE aFascicolo: 6 / Anno: 39 (1994) aL'ITALIA IN POLITICA ESTERA. MILANO, SINODO DELLA CITTÀ FERITA. CAREY LA DONNA PRETE. PAROLE DI AMERICA AL SINODO DI ROMA. VOLONTARIATO, RITRATTO POLITICO CON DUBBIO. MUSULMANI E ITALIANI. BRUNELLI, PREZZI, VEGETTI, GANDOLFI, PACCHIN, LEPORI, STRAZZARI, NERVO. ITALIA, MODELLO D'EUROPA NEL MEDITERRANEO. SINODO AFRICANO. SVIZZERA, NOMINE EPISCOPALI. USA: EFFETTO BERNARDIN, OMOSESSUALITÀ, CITTADINANZA E FAMIGLIA? CHIESA D'INGHILTERRA, PELLEGRINAGGIO NON SCISMA. DONNE CRISTIANE SUI SENTIERI DI UTOPIA.  aSocietà San Paolo EM - Piazza San Paolo, 14 - 12051 ALBA (CN) (non commercial uses only) ® Copyright 2017 aL'ITALIA IN POLITICA ESTERA. MILANO, SINODO DELLA CITTÀ FERITA. CAREY LA DONNA PRETE. PAROLE DI AMERICA AL SINODO DI ROMA. VOLONTARIATO, RITRATTO POLITICO CON DUBBIO. MUSULMANI E ITALIANI. BRUNELLI, PREZZI, VEGETTI, GANDOLFI, PACCHIN, LEPORI, STRAZZARI, NERVO. ITALIA, MODELLO D'EUROPA NEL MEDITERRANEO. SINODO AFRICANO. SVIZZERA, NOMINE EPISCOPALI. USA: EFFETTO BERNARDIN, OMOSESSUALITÀ, CITTADINANZA E FAMIGLIA? CHIESA D'INGHILTERRA, PELLEGRINAGGIO NON SCISMA. DONNE CRISTIANE SUI SENTIERI DI UTOPIA.  aECCLESIOLOGIA